Rivages 2005 ضفاف (notice n° 9604)

détails MARC
000 -Label
leader 01039nam a2200217 4500
099 ## - Informations locales
Type de document Livre
100 ## - Données générales de traitement
a 20260401d u||y0frey5050 ba
101 ## - Langue
langue document français
-- arabe
102 ## - Pays d'édition ou de production
pays d'édition Libye
200 ## - Titre
titre propre Rivages 2005 ضفاف
type de document Livre
sous-titre Premier Festival d'Art Contemporain de Tripoli
-- اللقاء الأول للفن المعاصر بطرابلس
-- [Exposition à l'Atelier Loay Burwais, Libye, du 8 au 12 mai 2005]
auteur Marie-Elisabeth Mathieu
-- Loay Burwais
auteur secondaire Institut Culturel Français de Tripoli
210 ## - Editeur
lieu de publication Tripoli
nom de l'éditeur Institut Culturel Français de Tripoli
date de publication 2005
215 ## - Description
Importance matérielle n.p.
autres carac. couv.coul.
format 20 x 20
606 ## - sujets
sujet Art au Maghreb
subdiv. sujet Art en Libye
-- Arts Plastiques en Libye
-- Beaux Arts en Libye
subdiv. géo. Tripoli
koha internal code 26610
606 ## - sujets
sujet Artistes des deux rives
subdiv. sujet Artistes libyens
-- Artistes européens
koha internal code 26614
701 ## - coauteur
code de fonction Co-fondateur
nom Mathieu
prénom Marie-Elisabeth
koha internal code 26611
701 ## - coauteur
code de fonction Co-fondateur
nom Burwais
prénom Loay
koha internal code 26612
702 ## - Auteur secondaire
code de fonction Préfacier, auteur d'introduction
nom El Hadji
prénom Karim
koha internal code 26613
801 ## - source de catalogage
pays TN
agence de catalogage 32BIS
date de la transaction 20260401
règles de catalogage utilisées UNIMARC
830 ## - note
catalogeur ABA
Exemplaires
Propriétaire Dépositaire Localisation Code barre Numéro Inventaire Cote Note Statut
The 32bis Library The 32bis Library Salle de lecture 32BIS 007415 7334 707.4 RIV Dépôt MAB Consultable sur place
32 bis, rue Ben Ghedhahem 1000 Tunis - Tunisie www.32bis.org
Contact : mediatheque@32bis.org